Hasła reklamowe - Statystyki

Ogólne statystyki
  • Ten quiz został rozwiązany 22 razy
  • Średni wynik to 15 z 24
Statystyki odpowiedzi
Hasło Firma % Poprawnych
Są parówki i są .......... Berlinki
100%
Codziennie niskie ceny Biedronka
100%
Jak sobota to tylko do ....... Lidla
100%
Dłuższe życie każdej pralki to........ Calgon
95%
............, doda ci skrzydeł Red Bull
95%
Just do it Nike
90%
Nie dla idiotów Media Markt
86%
Das Auto Volkswagen
86%
Włączamy niskie ceny Mediaexpert
81%
Czas na przerwę, czas na .......... Kit-Kat
76%
Scandinavian Sleeping & Living Jysk
71%
Twój kot kupowałby.......... Whiskas
71%
Dzwoń pod 600 100 100 ......... to jest to Bocian
67%
I'm lovin it Mcdonald's
67%
Łączy nas piłka PZPN
67%
Connecting People Nokia
48%
Brawo ja, brawo ty Plus
43%
Prawdopodobnie najlepsze piwo na świecie Carlsberg
38%
No to ........ Frugo
29%
Na ............-pi-pi-pi-pi-pi-pi-pi Shopee
29%
Prawie robi wielką różnicę Żywiec
24%
Think different Apple
19%
JAZDA Z KUR........sami LV Bet
14%
Cała Polska naprzód Trzaskowski
14%
Nie znaleziono quizów pasujących do podanych kryteriów
Rozkład punktacji
Procent ludzi z każdym wynikiem
Percentyl według liczby udzielonych odpowiedzi
Twoja historia wyników
Nie rozwiązałeś tego quizu